Suomen suurimmat kaupungit 1938 - Statistics

Yleistilastot
  • Tätä visaa on pelattu 151 kertaa
  • Keskiarvotulos 26 / 38
Vastaustilastot
Väkiluku Kaupunki % Oikein
304 965 Helsinki
100%
74 351 Turku
99%
76 730 Tampere
98%
28 021 Oulu
96%
32 695 Vaasa
88%
9361 Jyväskylä
87%
24 836 Kuopio
87%
74 247 Viipuri
87%
5814 Joensuu
85%
21 201 Pori
85%
26 864 Lahti
84%
9668 Hämeenlinna
80%
9429 Rauma
79%
13 284 Lappeenranta
78%
7054 Porvoo
78%
22 135 Kotka
76%
8975 Kokkola
72%
7869 Kajaani
71%
20 071 Kemi
70%
10 856 Mikkeli
70%
8075 Savonlinna
70%
2331 Tornio
66%
4657 Hamina
63%
8035 Hanko
61%
4577 Sortavala
58%
3865 Loviisa
54%
4359 Raahe
54%
3630 Iisalmi
52%
7697 Pietarsaari
51%
5115 Käkisalmi
50%
829 Naantali
47%
3986 Uusikaupunki
47%
2697 Maarianhamina
45%
3420 Tammisaari
45%
3255 Kristiinankaupunki
42%
2627 Heinola
32%
1899 Kaskinen
29%
1185 Uusikaarlepyy
25%
Ehtoja vastaavia visoja ei löytynyt
Tulosjakauma
Jokaisen tuloksen saaneiden osuus
Persentiili vastausten määrän mukaan
Tuloshistoriasi
Et ole pelannut tätä visaa